000
00318nam a2200145Ia 4500
008
230718s9999 xx 000 0 und d
041
_a
Eng.
082
_a
342.41
_b
GRI-A
100
_a
Grifting Stephen
245
0
_a
American
260
_a
Pakistan
_b
Primation
_c
2015
300
_a
216
650
_a
Law
999
_c
31910
_d
31910